000
00329nam a22001217a 4500
040
_c
SK
082
_a
631
100
_a
សួស ចំណាន
245
_a
Machinery management; ការគ្រប់គ្រងម៉ាស៊ីនកសិកម្ម
260
_a
RUA
_b
សួស
_c
2011
300
_a
56p.
942
_c
EK
999
_c
9068
_d
9068